000 00245nam a22001097a 4500
008 170118b xxu||||| |||| 00| 0 eng d
020 _a9780801601286
041 _aeng
080 _a618.2
245 _aPASS CCRN !
_cDENNISON, R.D
942 _2udc
_cBK
999 _c3104
_d3104